[Event "Berlin Eckbauer op 09th"]
[Site "Berlin"]
[Date "2006.10.09"]
[Round "1"]
[White "Fuchs, Joerg"]
[Black "Dirmeier, Alexander"]
[Result "1-0"]
[WhiteElo "1691"]
[BlackElo "1558"]
[PlyCount "61"]
[EventDate "2006.10.09"]
[EventType "swiss"]
[EventRounds "7"]
[EventCountry "GER"]
[SourceTitle "EXT 2022"]
[Source "ChessBase"]
[SourceDate "2021.10.06"]
[SourceVersion "1"]
[SourceVersionDate "2021.10.06"]
[SourceQuality "1"]

1. d4 d5 2. Nf3 Nc6 3. e3 Bg4 4. Be2 e6 5. 0-0 Bd6 6. Nbd2 f5 7. c4 Nf6 8. c5 Be7 9. Bb5 0-0 10. Bxc6 bxc6 11. Qa4 Qe8 12. Ne5 Be2 13. Re1 Bb5 14. Qa5 Qc8 15. a4 Ba6 16. Nxc6 Re8 17. Nxe7+ Rxe7 18. c6 e5 19. dxe5 Rxe5 20. b4 Ng4 21. Nf3 Re6 22. b5 Nf6 23. Nd4 Re4 24. Rb1 f4 25. f3 Rxd4 26. exd4 Qf5 27. Ba3 Bc8 28. Qxc7 Be6 29. Qe5 Qxe5 30. Rxe5 Re8 31. Rbe1 1-0